Statistics for Name The Country But With An Old Flag #2

Click here to take the quiz!

General Stats

  • This quiz has been taken 5 times
  • The average score is 6 of 16

Answer Stats

Answer% Correct
Liberia
75%
North Macedonia
75%
Benin
50%
Laos
50%
Lesotho
50%
Liechtenstein
50%
San Marino
50%
Suriname
50%
Uruguay
50%
Bosnia And Herzegovina
25%
Chile
25%
Eritrea
25%
Monaco
25%
Algeria
0%
Sudan
0%
Togo
0%

Score Distribution

Percentile by Number Answered

Percent of People with Each Score

Your Score History

You have not taken this quiz